| Tag |
First Indicator |
Second Indicator |
Subfields |
| LEADER |
00000pam a2200000 a 4500 |
| 001 |
in00000087393 |
| 005 |
20151008062933.0 |
| 008 |
810302s1982 ctu b 00110 eng |
| 010 |
|
|
|a 81000908
|
| 020 |
|
|
|a 0313229449 (lib. bdg.)
|
| 035 |
|
|
|a (OCoLC)07282263
|
| 035 |
|
|
|9 AAK1243AM
|
| 039 |
0 |
|
|a 2
|b 3
|c 3
|d 3
|e 3
|
| 040 |
|
|
|a DLC
|c DLC
|d TXA
|d UtOrBLW
|
| 043 |
|
|
|a n-us---
|
| 049 |
|
|
|a TXAM
|c [985691]
|
| 050 |
0 |
0 |
|a HV741
|b T53 1982
|
| 082 |
0 |
|
|a 362.7/95/0973
|2 19
|
| 100 |
1 |
|
|a Tiffin, Susan.
|
| 245 |
1 |
0 |
|a In whose best interest? :
|b child welfare reform in the progressive era /
|c Susan Tiffin.
|
| 264 |
|
1 |
|a Westport, Conn. :
|b Greenwood Press,
|c 1982.
|
| 300 |
|
|
|a 310 pages ;
|c 22 cm.
|
| 336 |
|
|
|a text
|b txt
|2 rdacontent
|
| 337 |
|
|
|a unmediated
|b n
|2 rdamedia
|
| 338 |
|
|
|a volume
|b nc
|2 rdacarrier
|
| 490 |
1 |
|
|a Contributions to the study of childhood and youth,
|x 0273-124X ;
|v no. 1
|
| 500 |
|
|
|a Includes index.
|
| 504 |
|
|
|a Bibliography: pages [293]-304.
|
| 650 |
|
0 |
|a Child welfare
|z United States.
|
| 830 |
|
0 |
|a Contributions to the study of childhood and youth ;
|v no. 1.
|
| 999 |
|
|
|a MARS
|
| 999 |
f |
f |
|s 01f7f2d9-76df-3f60-aa4f-013e4caa725f
|i 7fc2c14a-9177-3aa8-8324-f7e6b784ce52
|t 0
|
| 952 |
f |
f |
|p ric
|a Texas A&M University
|b Rellis Campus
|c Joint Library Facility
|d Remote Storage
|t 0
|e HV741 T53 1982
|h Library of Congress classification
|i unmediated -- volume
|m A14805982393
|
| 998 |
f |
f |
|a HV741 T53 1982
|t 0
|l Remote Storage
|